| 000 | 01430nam0a22004091 4500 | ||
|---|---|---|---|
| 001 | v19\rc\1842835 | ||
| 005 | 20251118180025.1 | ||
| 035 | _a(NLR Aleph) 004936067 | ||
| 090 |
_a5730820 _c5730820 |
||
| 100 | _a20071224d1908 |||y0rusy50 ca | ||
| 101 | 1 |
_arus _cswe |
|
| 102 | _aRU | ||
| 105 | _ay z |||a| | ||
| 200 | 1 |
_aГрафиня Юлия _eРеалист. трагедия _fАвгуст Стриндберг _gС предисл. авт. _gПер. со швед. Л.Б. Хавкиной |
|
| 210 |
_aМосква _c"Польза" В. Антик и К° _d[1908] |
||
| 215 |
_a70 с. _d14 |
||
| 225 | 1 |
_aУниверсальная библиотека _v№ 79 |
|
| 300 | _aЗагл. ориг.: "Fröken Julie" | ||
| 300 | _aПер. также под загл.: "Барышня" | ||
| 451 | 0 | _12001#$aБарышня | |
| 454 | 0 | _12001#$aFröken Julie | |
| 532 | 1 | 3 | _aГрафиня Юлия |
| 700 | 1 |
_aСтриндберг _bА. _f1849-1912 _gАвгуст |
|
| 702 | 1 |
_aХавкина _bЛ. Б. _f1871-1949 _gЛюбовь Борисовна _4730 |
|
| 801 | 0 |
_aRU _bNLR _gpsbo |
|
| 801 | 0 |
_aRU _bRuMoRGB _2psbo |
|
| 801 | 1 |
_aRU _bProSoft-M _2rusmarc |
|
| 852 |
_aNLR _j37.35.1.1(№ 79) |
||
| 852 |
_aNLR _j128/608 |
||
| 899 |
_aRuMoRGB _jРб 10/5430 |
||
| 899 |
_aRuMoRGB _jA 331/232 |
||
| 899 | _aБАН | ||
| 899 | _aНБ МГУ | ||
| 899 |
_aRuMoRGB _jA 210/620 |
||
| 942 | _cBOOK | ||
| 980 | _aNB | ||